| 000 | 00444nam a2200193Ia 4500 | ||
|---|---|---|---|
| 008 | 170918s9999 xx 000 0 und d | ||
| 020 | _a9780545115476 | ||
| 050 | _bR686 2007 | ||
| 100 | _aRodda, Emily | ||
| 245 | 4 | _aThe key to Rondo / | |
| 245 | _cEmily Rodda. | ||
| 260 | _aNew York : | ||
| 260 | _bScholastic, | ||
| 260 | _c2007 | ||
| 300 | _a342 pages : | ||
| 300 | _bcolored illustration ; | ||
| 300 | _c19cm. | ||
| 500 | _a710 | ||
| 999 |
_c342046 _d342046 |
||